| 000 | 00572pab a2200217 454500 | ||
|---|---|---|---|
| 008 | 180718b2011 xxu||||| |||| 00| 0 eng d | ||
| 100 | _aSmith, Charles Anthony | ||
| 245 | _aHuman trafficking: The unintended effects of United Nations Intervention | ||
| 260 | _c2011 | ||
| 300 | _ap.125-145. | ||
| 362 | _aMar | ||
| 650 | _aUnited Nations | ||
| 650 | _aWomen | ||
| 650 | _aHuman rights | ||
| 650 | _aPeacekeeping | ||
| 650 | _aSexual abuse | ||
| 700 | _aSmith, Heather M. | ||
| 773 | _aInternational Political Science Review | ||
| 908 | _aN | ||
| 909 | _a92758 | ||
| 999 |
_c92758 _d92758 |
||